000 01355nam a2200241Ia 4500
003 Ost
005 20260507075111.0
008 260507s9999||||xx |||||||||||||| ||und||
020 _a2115394977
040 _cfsecg
041 _aara
082 _a330
100 _aعبد المنعم، سليمان
_eمؤلف
245 0 _aمسؤولية المصرف الجنائية عن الاموال غير النظيفة :
_bظاهرة غسيل الأموال /
_c سليمان عبد المنعم
260 _aالاسكندرية:
_bدار الجامعة الجديدة للنشر,
_c2002
300 _a186 صفحة؛
_c24 سم
490 _aالمكتبة القانونية
504 _aببليوغرافيا:ص.172-176
520 _aمكافحة غسيل الأموال أو استخدام عائدات الجرائم على صعيد القانون الجنائي الوطني،صعوبات تجريم وملاحقة نشاط غسيل الأموال وفقا للأوصاف الجنائية التقليدية،مدى إعتبار غسيل الأموال مكونا لجريمة إخفاء أشياء ذات مصدر غير مشروع،ضرورات البحث عن وصف جنائي خاص لتجريم وملاحقة نشاط غسيل الأموال
653 _aالبنوك
653 _aالحماية المصرفية
942 _cكتاب
999 _c42916
_d42916